000 00519nam a22001457a 4500
005 20260122152751.0
008 260122b |||||||| |||| 00| 0 eng d
041 _aeng
082 _bSON
100 _aSonale Dnyanda- 2k241196 & Dr. Ashok Pawar - Guide
_9216433
245 _aA Study on Selection of Beneficial Tax Regime Through Comparative Analysis of Old & New Tax Regimes Using Clients Financial Statements
260 _a Pune
_bSavitribai Phule Pune University
_c2025
300 _a45p
_bHard Bound
942 _cPR
999 _c370059
_d370059